Тезисы докладов VIII Всесоюзной конференции по коллоидной химии и физико-химической механике: Ташкент, 31 мая - 3 июня

Bibliografiske detaljer
Corporate Authors: Академия наук Узбекской ССР (АН УзССР) Институт химии, Ташкентский политехнический институт
Andre forfattere: Абдурашидов Т. А. (редактор)
Sprog:russisk
Udgivet: Ташкент, 1983
Format: Bog
KOHA link:https://koha.lib.tpu.ru/cgi-bin/koha/opac-detail.pl?biblionumber=202935

MARC

LEADER 00000nam1a2200000 4500
001 202935
005 20231031185444.0
035 |a (RuTPU)RU\TPU\book\221141 
090 |a 202935 
100 |a 20111025d1983 k y0rusy50 ca 
101 0 |a rus 
102 |a RU 
200 1 |a Тезисы докладов VIII Всесоюзной конференции по коллоидной химии и физико-химической механике  |e Ташкент, 31 мая - 3 июня  |f Академия наук Узбекской ССР (АН УзССР), Институт химии ; Ташкентский политехнический институт ; под ред. Т. А. Абдурашидова 
210 |a Ташкент  |d 1983 
702 1 |a Абдурашидов  |b Т. А.  |4 340 
712 0 2 |a Академия наук Узбекской ССР (АН УзССР)  |b Институт химии  |2 stltpush  |3 (RuTPU)RU\TPU\col\8034 
712 0 2 |a Ташкентский политехнический институт  |2 stltpush  |3 (RuTPU)RU\TPU\col\6741 
801 1 |a RU  |b 63413507  |c 20111025 
801 2 |a RU  |b 63413507  |c 20130821  |g RCR 
942 |c BK